000 00440nam a2200157 i 4500
001 bgj
245 0 0 _aThe Best of the British Studies Web Pages /
_cedited by Alan Pulverness.
260 _aWarszawa :
_bBritish Council,
_c2006.
300 _a220 pp :
_bill. ;
_c30 cm.
650 9 _aMethodology
_xCulture
700 1 _aPULVERNESS, Alan.
_eed.
040 _cBPK
041 0 _aeng
942 _cKS
008 s uk f |000 0 eng
999 _c48919
_d48919
856 _uhttp://koha.tu.koszalin.pl/cgi-bin/koha/opac-detail.pl?biblionumber=48919
_yKatalog online BPK